Algérie : joueurs convoqués en 2025 - Statistiques

Statistiques générales
  • Ce quiz a été pris 219 fois
  • Le résultat moyen est 21 sur 40
Statistiques - réponses
Clubs Joueurs % Correct
Gardien : Granada Cf Lucas Zidane
94%
Attaquant : Al Ahli SC Riyad Mahrez
90%
Milieu : Bayer Leverkusen Ibrahim Maza
82%
Défenseur : Borussia Dortmund Ramy Bensebaini
81%
Attaquant : Feyenoord Anis Hadj Moussa
80%
Défenseur : Manchester City Rayan Ait Nouri
80%
Défenseur : LOSC Aissa Mandi
73%
Attaquant : VFL Wolfsburg Mohamed Amine Amoura
72%
Attaquant : Al Shamal SC Baghdad Bounedjah
69%
Attaquant : Paris FC Ilan Kebbal
68%
Milieu : Dinamo Zagreb Ismael Bennacer
66%
Attaquant : Al Duhail Adil Boulbina
65%
Milieu : Eintracht Franckfurt Fares Chaibi
65%
Milieu : OGC Nice Hicham Boudaoui
65%
Gardien : SM Caen Anthony Mandrea
62%
Attaquant : Esperance De Tunis Youcef Belaili
62%
Milieu : FC Twente Ramiz Zerrouki
60%
Défenseur : Al Sadd Youcef Atal
59%
Attaquant : Olympique Marseille Amine Gouiri
57%
Milieu : Angers SCO Himad Abdelli
56%
Défenseur : Hellas Verona Rafik Belghali
56%
Défenseur : Paris Fc Samir Chergui
54%
Défenseur : Young Boys Jaouen Hadjam
53%
Milieu : Al Ittihad Jeddah Houssem Aouar
51%
Défenseur : JS Kabylie Zinedine Belaid
46%
Défenseur : Esperance De Tunis Mohamed Amine Tougai
43%
Milieu : LOSC Nabil Bentaleb
43%
Gardien : USM Alger Oussama Benbot
43%
Milieu : Union Saint Gilloise Adem Zorgane
40%
Gardien : MC Alger Alexis Guendouz
35%
Défenseur : SSC Bari Mehdi Dorval
35%
Attaquant : Al Wakrah Redouane Berkane
34%
Attaquant : Neom SC Said Benrahma
34%
Attaquant : Dinamo Zagreb Moncef Bakrar
33%
Défenseur : Borussia Dortmund Elias Benkara
23%
Gardien : Sans Club Alexandre Oukidja
21%
Milieu : SC Charleroi Yacine Titraoui
20%
Défenseur : JS Kabylie Mohamed Madani
17%
Défenseur : En Avant Guingamp Sohaib Nair
16%
Défenseur : Colombus Crew Mohamed Farsi
11%
Aucun quiz correspondant
Distribution des résultats
% des personnes avec chaque résultat
Percentile par nombre de réponses
Votre historique - résultats
Vous n’avez pas pris ce quiz